000 00626nam a2200193 4500
001 108738
003 ES-MaACL
005 20230906184711.0
007 t|
008 061121s1980 sp r ||||1| spa d
100 1 _aMontón, José V.
_982682
245 1 3 _aLa quinta estación /
_cJosé V. ; Javier Paricio; prólogo de Vicente Lagüens; dibujos de Julio Miró.
260 _aZaragoza :
_b[s.n.],
_c1980 (
_fLibrería General)
300 _a95 p. :
_bil ;
_c20 cm.
700 1 _aParicio, Javier.
_989121
700 1 _aLagüens, Vicente.
_969610
700 1 _aMiró, Julio.
_981607
852 _aES-MaACL
_jC-20929
_bR.100371
999 _c108738
_d108738